000 00793 a2200205 4500
005 20080925111951.0
008 080925t xxu||||| |||| 00| 0 eng d
010 _aENG-87889
020 _c700.00
_a8190454681
035 _aEN-71422
037 _bD.B.Act / Pub
082 _a577
100 _aChakarwarty, C. M.
245 _aEcology and environmental biology/
_cby C. M. Chakarwarty
260 _aDelhi
_bSwastik Publishers & Distributors
_c2007
270 _a31, Gali No. 1, A Block, Pocket 5, CRP Water Tank, Sonia Vihar
_bDelhi
_e110 094
_k9899462604
300 _av, 298 p.
_c22 cm. (Hb.)
942 _adpl
_cEN
_k577 / CHA
_2ddc
_h577
_mCHA
999 _c7263
_d7263